Aprender a ser

Salvato in:
Dettagli Bibliografici
Autori principali: Faure, Edgar (Autore), Lopes, Henri (Autore), Petrovski, Arthur (Autore), Rahnema, Majid (Autore), Ward, Frederick Champion (Autore), Kaddoura, Abdul-Razzak (Autore)
Altri autori: Herrera Lane, Felipe (autor)
Natura: Libro
Lingua:spagnolo
Pubblicazione: Santiago Universitaria 1973
Soggetti:
Tags: Aggiungi Tag
Nessun Tag, puoi essere il primo ad aggiungerne!!

MARC

LEADER 00000nam a2200000 a 4500
001 UCW4472
003 CL-VaPUC
008 900412e19730700CL |||||||||||||||||spa|d
082 0 4 |a 370  |b FAU  |2 21 
100 0 |a Faure, Edgar  |e author  |9 309213 
700 |a Herrera Lane, Felipe  |e autor  |9 527387 
700 0 |a Lopes, Henri  |e author  |9 309215 
700 0 |a Petrovski, Arthur  |e author  |9 309216 
700 0 |a Rahnema, Majid  |e author  |9 309217 
700 0 |a Ward, Frederick Champion  |e author  |9 309218 
700 0 |a Kaddoura, Abdul-Razzak  |e author  |9 309219 
245 1 0 |a Aprender a ser 
300 |a 380 p 
942 |c BK 
945 |d 19900412 00:00:00 
260 |a Santiago  |b Universitaria  |c 1973 
650 7 |a EDUCACION INTERNACIONAL  |2 CL-VaPUC  |9 308760 
583 |a last modification  |c 19900412 00:00:00  |k Rodrigo Vera 
999 |c 218198  |d 218196 
952 |0 0  |1 0  |4 0  |6 370_000000000000000_FAU_1973  |7 0  |8 P  |9 207252  |a BIBEDU  |b BIBEDU  |c BIBEDU_PB  |d 2019-11-15  |i 2750562  |o 370 FAU 1973  |p 2750562  |r 2024-01-25  |w 2019-11-15  |y BK  |k EDU 
952 |0 0  |1 0  |4 0  |6 370_000000000000000_FAU_1973  |7 0  |8 P  |9 207253  |a BIBEDU  |b BIBEDU  |c BIBEDU_PB  |d 2019-11-15  |i 2750570  |o 370 FAU 1973  |p 2750570  |r 2024-01-25  |w 2019-11-15  |y BK  |k EDU 
952 |0 0  |1 0  |4 0  |6 370_000000000000000_FAU_1973  |7 0  |8 P  |9 207254  |a BIBEDU  |b BIBEDU  |c BIBEDU_PB  |d 2019-11-15  |i 2750589  |o 370 FAU 1973  |p 2750589  |r 2024-01-25  |w 2019-11-15  |y BK  |k EDU 
952 |0 0  |1 0  |4 0  |6 370_000000000000000_FAU_1973  |7 0  |8 P  |9 207255  |a BIBEDU  |b BIBEDU  |c BIBEDU_PB  |d 2019-11-15  |i 2750597  |o 370 FAU 1973  |p 2750597  |r 2024-01-25  |w 2019-11-15  |y BK  |k EDU 
952 |0 0  |1 0  |4 0  |6 370_000000000000000_FAU_1973  |7 0  |8 P  |9 207256  |a BIBEDU  |b BIBEDU  |c BIBEDU_PB  |d 2019-11-15  |i 2750600  |o 370 FAU 1973  |p 2750600  |r 2024-01-25  |w 2019-11-15  |y BK  |k EDU 
952 |0 0  |1 0  |4 0  |6 370_000000000000000_FAU_1973  |7 0  |8 P  |9 207257  |a BIBEDU  |b BIBEDU  |c BIBEDU_PB  |d 2019-11-15  |i 2750619  |o 370 FAU 1973  |p 2750619  |r 2024-01-25  |w 2019-11-15  |y BK  |k EDU 
952 |0 0  |1 0  |4 0  |6 370_000000000000000_FAU_1973  |7 0  |8 P  |9 207258  |a BIBEDU  |b BIBEDU  |c BIBEDU_PB  |d 2019-11-15  |i 2750635  |o 370 FAU 1973  |p 2750635  |r 2024-01-25  |w 2019-11-15  |y BK  |k EDU 
952 |0 0  |1 0  |4 0  |6 370_000000000000000_FAU_1973  |7 0  |8 P  |9 207259  |a BIBEDU  |b BIBEDU  |c BIBEDU_PB  |d 2019-11-15  |i 2750643  |o 370 FAU 1973  |p 2750643  |r 2024-01-25  |w 2019-11-15  |y BK  |k EDU 
952 |0 0  |1 0  |4 0  |6 370_000000000000000_FAU_1973  |7 0  |8 P  |9 207260  |a BIBEDU  |b BIBEDU  |c BIBEDU_PB  |d 2019-11-15  |i 2750651  |o 370 FAU 1973  |p 2750651  |r 2024-01-25  |w 2019-11-15  |y BK  |k EDU 
952 |0 0  |1 0  |4 0  |6 370_000000000000000_FAU_1973  |7 0  |8 P  |9 207261  |a BIBEDU  |b BIBEDU  |c BIBEDU_PB  |d 2019-11-15  |i 275066K  |o 370 FAU 1973  |p 275066K  |r 2024-01-25  |w 2019-11-15  |y BK  |k EDU 
952 |0 0  |1 0  |4 0  |6 370_000000000000000_FAU_1973  |7 0  |8 P  |9 207262  |a BIBEDU  |b BIBEDU  |c BIBEDU_PB  |d 2019-11-15  |i 2750678  |o 370 FAU 1973  |p 2750678  |r 2024-01-25  |w 2019-11-15  |y BK  |k EDU 
952 |0 0  |1 0  |4 0  |6 370_000000000000000_FAU_1973  |7 0  |8 P  |9 207263  |a BIBEDU  |b BIBEDU  |c BIBEDU_PB  |d 2019-11-15  |i 2750686  |o 370 FAU 1973  |p 2750686  |r 2024-01-25  |w 2019-11-15  |y BK  |k EDU 
952 |0 0  |1 0  |4 0  |6 370_000000000000000_FAU_1973  |7 0  |8 P  |9 207264  |a BIBEDU  |b BIBEDU  |c BIBEDU_PB  |d 2019-11-15  |i 1535900  |o 370 FAU 1973  |p 1535900  |r 2024-01-25  |w 2019-11-15  |y BK  |k EDU 
952 |0 0  |1 0  |4 0  |6 370_000000000000000_FAU_1973  |7 0  |8 P  |9 207265  |a BIBEDU  |b BIBEDU  |c BIBEDU_PB  |d 2019-11-15  |i 1586351  |o 370 FAU 1973  |p 1586351  |r 2024-01-25  |w 2019-11-15  |y BK  |k FIL